vufinder Bibliothèque Municipale de Charleval de Provence
Se connecter
« Retourner aux résultats de recherche

De la plume au pinceau

peindre les oiseaux à la gouache et à l'aquarelle

Book Cover
Auteur principal: Denis Bauduin
Support: Livres
Langue: Francais
Publié: 2013 Ulisse Paris
Genre: Documentaire
Collection: Atelier
Sujets:
Étiquettes: Ajouter
Pas de Tags !

LEADER 00943nam0a2200205 450
001 16848272
010 |a 978-2-84415-200-8  |b br.  |d 14,9 € 
100 |a 20130410d2013 u u0frey01 ba 
101 0 |a fre 
102 |a FR 
200 0 |a De la plume au pinceau  |e peindre les oiseaux à la gouache et à l'aquarelle  |f Denis Bauduin 
207 1 |a   
210 |a Paris  |c Ulisse  |d 2013 
215 |a 1 vol. (80 p.)  |c illustrations en noir et blanc  |d 26 x 19 cm 
225 1 |a Atelier 
330 |a Un guide pour observer, dessiner et peindre les oiseaux dans leur milieu naturel, de l'esquisse à l'oeuvre aboutie en atelier : la découverte du matériel, l'étude de différents sujets en extérieur, enfin le choix du tableau et la construction de l'oeuvre. 
700 0 |a Bauduin  |b Denis  |4 70 
900 |a Documentaire 
901 |a Accessible au prêt 
995 |a Bibliothèque  |c Bibliothèque  |f 00156008120586  |h 00156008120586  |k 751.42 BAU  |o p  |q a  |r az  |e Bibliothèque 

Options de recherche

Historique de recherche
Recherche avancée

Trouver plus

Nouveautés

Besoin d'aide ?

Contacter un bibliothécaire